000 00303nam a22001337a 4500
008 170130b xxu||||| |||| 00| 0 eng d
020 _a9780721604640
041 _aeng
080 _26TH
_a61
100 _a3
101 _aSHMI
245 _aBUILDING A MEDICAL VOCABULARY
_cLEONARD, P.C
942 _2udc
_cBK
999 _c3962
_d3962